Random Words in Dutch - Statistics

General Stats
  • This quiz has been taken 668 times
  • The average score is 8 of 18
Answer Stats
Hint Answer % Correct
Ja Yes
97%
Water Water
95%
Rood Red
75%
Zwemmen Swim
72%
Pagina Page
63%
Luchthaven Airport
51%
Schuldig Guilty
42%
Twijfelen Doubt
32%
Blij Happy
32%
Redden Save
32%
Paddenstoel Mushroom
29%
Eik Oak
28%
Hoekschop Corner
27%
Graaf Earl
27%
Bes Berry
26%
Kaars Candle
25%
Daarom Therefore
25%
Desalniettemin Nevertheless
11%
No matching quizzes found
Score Distribution
Percent of People with Each Score
Percentile by Number Answered
Your Score History
You have not taken this quiz